Variational Principles in Classical Mechanics (Record no. 523963)
[ view plain ]
| 000 -LEADER | |
|---|---|
| fixed length control field | 00616nam a22001937a 4500 |
| 003 - CONTROL NUMBER IDENTIFIER | |
| control field | NUST |
| 005 - DATE AND TIME OF LATEST TRANSACTION | |
| control field | 20190613074608.0 |
| 008 - FIXED-LENGTH DATA ELEMENTS--GENERAL INFORMATION | |
| fixed length control field | 190613b ||||| |||| 00| 0 eng d |
| 016 ## - NATIONAL BIBLIOGRAPHIC AGENCY CONTROL NUMBER | |
| Record control number | 9780998837260 |
| 038 ## - RECORD CONTENT LICENSOR | |
| Staff Name | SNS Library Staff |
| 082 ## - DEWEY DECIMAL CLASSIFICATION NUMBER | |
| Classification number | 530.7 |
| Author Mark | CLI |
| 100 ## - MAIN ENTRY--PERSONAL NAME | |
| Relator code | Douglas Cline |
| 245 ## - TITLE STATEMENT | |
| Title | Variational Principles in Classical Mechanics |
| Statement of responsibility, etc. | Douglas Cline |
| 250 ## - EDITION STATEMENT | |
| Edition statement | 2nd ed. |
| 260 ## - PUBLICATION, DISTRIBUTION, ETC. | |
| Place of publication, distribution, etc. | University of Rochester |
| Name of publisher, distributor, etc. | New York |
| Date of publication, distribution, etc. | 2018 |
| 300 ## - PHYSICAL DESCRIPTION | |
| Extent | 575 p. |
| Other physical details | HB |
| 440 ## - SERIES STATEMENT/ADDED ENTRY--TITLE | |
| Title | Variational Principles in Classical Mechanics |
| 9 (RLIN) | 14790 |
| 942 ## - ADDED ENTRY ELEMENTS (KOHA) | |
| Source of classification or shelving scheme | |
| Koha item type | Book |
| Edition | 2nd ed. |
| Classification part | 530.7 CLI 2018 |
| Withdrawn status | Lost status | Source of classification or shelving scheme | Damaged status | Not for loan | Permanent Location | Current Location | Shelving location | Date acquired | Total Checkouts | Full call number | Barcode | Date last seen | Date last checked out | Price effective from | Koha item type |
|---|---|---|---|---|---|---|---|---|---|---|---|---|---|---|---|
| School of Natural Sciences (SNS) | School of Natural Sciences (SNS) | General Stacks | 06/13/2019 | 1 | 530.7 CLI 2018 | SNS0002975 | 12/10/2021 | 06/13/2019 | 06/13/2019 | Book | |||||
| School of Natural Sciences (SNS) | School of Natural Sciences (SNS) | General Stacks | 06/13/2019 | 530.7 CLI 2018 | SNS0002976 | 06/13/2019 | 06/13/2019 | Book | |||||||
| School of Natural Sciences (SNS) | School of Natural Sciences (SNS) | General Stacks | 06/13/2019 | 530.7 CLI 2018 | SNS0002977 | 06/13/2019 | 06/13/2019 | Book | |||||||
| School of Natural Sciences (SNS) | School of Natural Sciences (SNS) | General Stacks | 06/13/2019 | 530.7 CLI 2018 | SNS0002978 | 06/13/2019 | 06/13/2019 | Book |
